[Event "MTS Logistics 2017"]
[Site "Urla"]
[Date "2017.07.07"]
[Round "1.1"]
[White "Esen, Baris"]
[Black "Maghalashvili, Davit"]
[Result "1/2-1/2"]
[WhiteElo "2528"]
[BlackElo "2489"]
[Annotator "TA"]
[PlyCount "34"]
[EventDate "2017.??.??"]
[EventType "schev"]
[EventCountry "TUR"]
[SourceTitle "playchess.com"]
[Source "ChessBase"]
[SourceQuality "1"]

{[%evp 25,34,0,0,0,0,-7,0,0,-10,-16,-13]} 1. d4 d5 2. c4 e6 3. Nf3 Nf6 4. Nc3 Be7 5. Bf4 O-O 6. e3 Nbd7 7. Qc2 c5 8. dxc5 Nxc5 9. Be2 {D37: Queen's Gambit Declined: 5 Bf4} dxc4 10. Bxc4 a6 11. a4 (11. Rd1 Qa5 12. Ne5 Nce4 13. O-O Nxc3 14. bxc3 Qc5 15. Be2 Nd5 16. c4 Nxf4 17. exf4 {½-½ (71) Mamedyarov,S (2766)-Ponomariov,R (2733) Zug 2013}) 11... b6 12. O-O Bb7 13. Rfd1 Qc8 {LiveBook: 5 Games. The position is equal.} 14. Qe2 Qc6 15. Qf1 Rfc8 16. Ne5 Qe8 17. Qe2 $146 Rd8 1/2-1/2

[Event "MTS Logistics 2017"]
[Site "Urla"]
[Date "2017.07.07"]
[Round "1.2"]
[White "Nevednichy, Vladislav"]
[Black "Firat, Burak"]
[Result "1-0"]
[WhiteElo "2524"]
[BlackElo "2480"]
[Annotator "TA"]
[PlyCount "103"]
[EventDate "2017.??.??"]
[EventType "schev"]
[EventCountry "TUR"]
[SourceTitle "playchess.com"]
[Source "ChessBase"]
[SourceQuality "1"]

{[%evp 15,103,0,12,13,25,7,23,7,7,13,7,0,2,-5,-2,-5,-3,-13,11,0,18,11,11,8,14,0,6,0,30,0,6,0,17,0,8,0,0,0,13,0,0,0,0,0,26,30,38,0,31,33,27,20,18,24,81,66,85,66,65,61,84,78,104,97,104,118,126,127,246,101,195,192,184,134,206,172,207,208,206,188,632,616,602,587,573,555,540,504,519,511]} 1. e4 e5 2. Bc4 Nf6 3. d3 c6 4. Nf3 Be7 5. O-O d6 6. Re1 {C24: Bishop's Opening: 2...Nf6} (6. Bb3 O-O 7. Re1 Re8 8. c3 Bf8 9. Nbd2 Be6 10. Bc2 Nbd7 11. h3 h6 12. d4 Qc7 13. c4 exd4 14. Nxd4 Qb6 15. Nxe6 Rxe6 {0-1 (42) Hou,Y (2649)-Ivanchuk,V (2732) Shenzhen 2017}) 6... Nbd7 7. a3 O-O 8. Nbd2 Nc5 {LiveBook: 11 Games} 9. Nf1 Re8 10. Ng3 (10. b4 $5 {[%cal Rb4c5]} Ne6 11. Bd2 $11) 10... Bf8 11. Ba2 (11. b4 $5 {[%cal Rb4c5]} Ne6 12. Bd2 $11) 11... Be6 12. b4 Bxa2 13. Rxa2 Ne6 14. Bd2 $146 ({Predecessor:} 14. c4 a5 {½-½ (29) Boukal,P (2435)-Mezera,L (2260) ICCF email 2004}) 14... g6 15. c4 Bg7 16. a4 Qc7 17. a5 Rad8 18. Bc3 Nd7 {[%cal Bf6d7,Bd7b8,Bb8c6][%mdl 32]} 19. Qb3 Rf8 20. Rd2 c5 21. Rdd1 Nb8 22. Nf1 {[%cal Bg3f1,Bf1e3,Be3d5][%mdl 32]} Nc6 23. Ne3 f5 24. Nd5 Qf7 25. bxc5 Nxc5 26. Qa2 Rde8 27. Bb4 Nxb4 28. Nxb4 Bf6 29. a6 Bd8 (29... b6 {is more complex.} 30. Nd5 f4 31. Qb2 g5 32. h3 h6) 30. exf5 gxf5 31. d4 exd4 32. Rxe8 Rxe8 33. Nxd4 bxa6 34. Nd5 Bb6 (34... f4 $11) 35. h3 $16 a5 36. Nxb6 axb6 37. Qb1 Ne4 {Threatens to win with ...Nc3.} 38. Qxb6 Qxc4 39. Qxa5 Nc3 40. Rc1 ({Much worse is} 40. Nxf5 $6 Nxd1 41. Nxd6 Qc1 $3 $11 {[%mdl 512]}) 40... Qxd4 41. Rxc3 {[%mdl 4096] Endgame KQR-KQR} f4 (41... Re1+ $16 {might work better.} 42. Kh2 Qe5+ 43. Rg3+ Kf7) 42. Qg5+ (42. Rc7 $18 {White threatens Qg5+ and mate.} f3 43. Qg5+ (43. gxf3 Qe5 $16) 43... Kh8 44. Qf5 Qa1+ 45. Kh2 Qe5+ 46. Qxe5+ dxe5 47. gxf3) 42... Qg7 (42... Kh8 $16 43. Rc7 f3) 43. Qd5+ $18 Kh8 44. Rd3 Re1+ 45. Kh2 Qa1 {[%csl Ga1][%cal Re1h1]} 46. Qd4+ Qxd4 47. Rxd4 {KR-KR} f3 $2 {[#]} (47... Kg7 48. Rxf4 (48. Rxd6 Re4 $16) 48... Rd1) 48. g4 $1 {White is clearly winning.} Re6 49. Kg3 Kg7 50. Kxf3 Kg6 51. Rd5 h6 52. Kg3 {Precision: White = 45%, Black = 28%.} 1-0

[Event "MTS Logistics 2017"]
[Site "Urla"]
[Date "2017.07.07"]
[Round "1.3"]
[White "Benidze, Davit"]
[Black "Yilmazyerli, Mert"]
[Result "1/2-1/2"]
[WhiteElo "2515"]
[BlackElo "2459"]
[Annotator "TA"]
[PlyCount "33"]
[EventDate "2017.??.??"]
[EventType "schev"]
[EventCountry "TUR"]
[SourceTitle "playchess.com"]
[Source "ChessBase"]
[SourceQuality "1"]

{[%evp 18,19,60,60]} 1. e4 e5 2. Nf3 Nc6 3. Bc4 Nf6 4. Nc3 Be7 5. O-O O-O 6. d4 exd4 7. Nxd4 d6 8. h3 Re8 9. Re1 Bf8 {C50: Hungarian Defence and Giuoco Pianissimo} 10. Bg5 {LiveBook: 3 Games} {Predecessor:} h6 $146 11. Bh4 Ne5 12. Bb3 Ng6 13. Bg3 a6 14. a4 Bd7 15. a5 Rc8 16. Qd2 c5 17. Nf5 {1-0 (67) Boskovic,D (2438)-Djuric,S (2402) Palic 2014} 1/2-1/2

[Event "MTS Logistics 2017"]
[Site "Urla"]
[Date "2017.07.07"]
[Round "1.4"]
[White "Evdokimov, Alexander A"]
[Black "Drasko, Milan"]
[Result "1/2-1/2"]
[WhiteElo "2493"]
[BlackElo "2451"]
[Annotator "TA"]
[PlyCount "147"]
[EventDate "2017.??.??"]
[EventType "schev"]
[EventCountry "TUR"]
[SourceTitle "playchess.com"]
[Source "ChessBase"]
[SourceQuality "1"]

{[%evp 16,147,42,22,75,66,104,107,102,99,89,94,95,103,86,89,88,77,118,114,143,70,69,42,34,34,39,23,31,23,30,38,114,60,58,63,77,56,54,26,83,70,64,14,51,27,66,28,31,24,29,22,34,16,25,31,64,55,68,64,80,37,39,47,45,45,54,52,51,43,36,26,72,72,87,64,75,26,90,0,74,0,70,8,52,48,89,0,39,0,97,83,80,80,80,82,89,91,140,66,33,24,37,34,41,26,26,29,47,0,0,0,48,-8,0,0,0,0,0,0,0,0,0,-33,-33,-35,-8,-8,0,-40,0,-4,0,-32]} 1. Nf3 Nf6 2. c4 e6 3. g3 a6 4. Bg2 b5 5. b3 Bb7 6. O-O c5 7. Nc3 Qb6 8. e3 Be7 9. d4 {LiveBook: 19 Games. A13: English Opening: 1...e6} (9. Qe2 Ne4 10. Bb2 O-O 11. d4 Nxc3 12. Bxc3 cxd4 13. exd4 Bf6 14. Rac1 d6 15. c5 Qd8 16. Rfd1 Bd5 {½-½ (75) Bocharov,D (2611)-Svidler,P (2745) Novosibirsk 2016}) 9... cxd4 (9... O-O $11 {remains equal.}) 10. exd4 $16 O-O 11. d5 $1 {White is better.} exd5 $146 ({Predecessor:} 11... Rc8 12. Qd3 exd5 13. Nxd5 Nxd5 14. cxd5 Qg6 15. Qxg6 hxg6 16. Nd4 Bf6 {½-½ (43) Perez,R (2365)-Vazquez,G (2443) Chicago 2017}) 12. Nxd5 Nxd5 13. cxd5 a5 14. Be3 Bc5 15. Bxc5 Qxc5 16. Nd4 Na6 {[%cal Bb8a6,Ba6b4,Bb4d3][%mdl 32]} 17. Rc1 Qb6 18. Qg4 (18. Nf5 $1 $16) 18... Nb4 $14 19. a3 ({Much worse is} 19. Qxd7 $6 Bc8 $11) (19. Nf5 $5 {[%cal Rg4g7]} g6 20. Ne7+ Kg7 21. Qxd7 $16) 19... Nd3 $1 {[%cal Rd3c1]} 20. Nf5 {[%csl Gf5][%cal Rg4g7]} g6 21. Rc3 Ne5 22. Qd4 Qxd4 23. Nxd4 b4 ({Black should play} 23... Rfc8 $14 24. Nxb5 Ba6) 24. axb4 (24. Rc7 $16 Bc8 25. f4) 24... axb4 25. Rc7 Ba6 26. Re1 d6 $1 27. f4 Ng4 (27... Nd3 $11 28. Ree7 Rfe8) 28. h3 Nf6 29. Nc6 Bb5 30. Nxb4 Rab8 31. Rc3 (31. Nc6 $5 {[%cal Rc6b8]} Rfe8 32. Rxe8+ (32. Nxb8 Rxe1+ 33. Kf2 Re2+ 34. Kg1 Re3 $11) 32... Rxe8 33. Rc8 $16) 31... Rfe8 32. Rxe8+ Rxe8 33. Nc2 h5 34. Bf3 Bd7 35. Kg2 Rb8 36. Ne3 Rb4 37. Nc4 Ne8 38. Re3 Kf8 39. h4 Bb5 40. Na3 {Hoping for Nc2.} Ba6 41. Nc2 Rb6 42. Rc3 (42. f5 $5) 42... Bb7 43. Ne3 Ra6 44. Kf2 Ra1 45. Nc4 Ba6 46. Nd2 (46. f5 $5) 46... Bb7 (46... f5 $11) 47. Nc4 Ba6 $1 {[#]} 48. Ne3 (48. f5 $1 $16) 48... Rb1 (48... Bb7 $1 $11) 49. Nc2 (49. f5 $14) 49... Rc1 50. Ke3 Rg1 51. Kf2 Rc1 52. Ke3 (52. f5 $14) 52... Rg1 $16 53. Rc6 Bb5 54. Rb6 Bd7 55. Kf2 Rb1 56. Nd4 Bg4 {[#]} 57. Bxg4 (57. Rb8 $1 $16) 57... hxg4 {[%mdl 4096] Endgame KRN-KRN} 58. Rb8 {f5 is the strong threat.} Rb2+ 59. Ke3 {Threatens to win with f5.} Rg2 $1 60. Ne2 Ke7 61. Rb7+ Kf8 62. Rb8 (62. f5 $5) 62... Ke7 63. Rb7+ Kf8 $1 64. b4 (64. f5 $14) 64... Nf6 65. Rb8+ Ke7 66. Rb7+ (66. f5 $5) 66... Kf8 67. Rb8+ Ke7 68. Rb7+ Kf8 69. Rb5 Nh5 {[%mdl 1024] Black has compensation.} 70. Rb8+ Ke7 (70... Kg7 $5 {[%cal Rh5g3]}) 71. Rb7+ Kf8 72. Rb8+ $1 Ke7 (72... Kg7 $5 {[%cal Rh5g3]} 73. Kd3 Nxg3 $11) 73. Rb7+ Kf8 74. Rb8+ $1 {Precision: White = 45%, Black = 42%.} 1/2-1/2

[Event "MTS Logistics 2017"]
[Site "Urla"]
[Date "2017.07.07"]
[Round "1.5"]
[White "Bulmaga, Irina"]
[Black "Bagaturov, Giorgi"]
[Result "1/2-1/2"]
[WhiteElo "2412"]
[BlackElo "2412"]
[Annotator "TA"]
[PlyCount "153"]
[EventDate "2017.??.??"]
[EventType "schev"]
[EventCountry "TUR"]
[SourceTitle "playchess.com"]
[Source "ChessBase"]
[SourceQuality "1"]

{[%evp 23,153,6,18,-30,0,0,0,-31,-27,-33,0,-61,-56,-45,-40,-98,-104,-120,-118,-118,-109,-108,-116,-119,-114,-147,-143,-148,-135,-169,-170,-170,-163,-172,-163,-165,-148,-203,-189,-278,-216,-209,-150,-152,-143,-117,-71,-63,-78,-90,-83,-100,-87,-85,-17,-56,-44,-62,-42,-145,-145,-145,-145,-134,-62,-55,-18,-499,-483,-410,-78,-89,4,0,0,0,0,-126,-111,-133,-125,-125,-37,-86,-48,-72,0,0,0,-142,-127,-142,-147,-468,-141,-135,0,-89,0,0,0,0,0,0,0,0,0,0,0,0,0,0,0,0,0,0,0,0,0,0,0,0,0,0,0,0,0,0,0,0,0,0]} 1. e4 c5 2. Nf3 Nc6 3. d4 cxd4 4. Nxd4 Nf6 5. Nc3 d6 6. Bg5 e6 7. Qd2 a6 8. O-O-O h6 9. Bf4 Bd7 10. Nxc6 Bxc6 11. Qe1 Be7 12. f3 {B66: Sicilian: Richter-Rauzer: 7...a6 8 0-0-0 h6} Qc7 {LiveBook: 13 Games} 13. e5 {[%cal Re5d6]} (13. Kb1 b5 14. Bd3 b4 15. Ne2 e5 16. Bd2 a5 17. g4 d5 18. Ng3 dxe4 19. Nxe4 Nxe4 20. Bxe4 Bxe4 21. Qxe4 {½-½ (37) Alekseev,E (2716)-Ivanchuk,V (2746) Nalchik 2009}) 13... dxe5 14. Bxe5 Qb6 15. Bc4 O-O 16. Bd4 {[#]} Qc7 $146 (16... Qb4 $5 {[%cal Rb4c4]} 17. Bb3 Rfd8 $15) ({Predecessor:} 16... Qb4 17. Bb3 Rad8 {0-1 (65) Blodstein,A (2375)-Serper,G (2575) Tashkent 1992}) 17. Bb3 (17. Be5 $11 Qb6 18. Bd4) 17... Rad8 18. Qg3 Bd6 19. Qf2 (19. Qh4 $15) 19... Bxh2 $17 20. Bxf6 Qf4+ ({Worse is} 20... gxf6 21. g3 $16) 21. Kb1 Rxd1+ (21... gxf6 22. Ne2 $16) 22. Nxd1 gxf6 23. Nc3 Bg3 {[%cal Bh2g3,Bg3c7,Bc7e5][%mdl 32]} 24. Qf1 {intending Ne2.} Qe3 $1 25. Ne2 Bc7 26. Bc4 Rd8 27. Bd3 f5 28. Nc1 Be5 29. Nb3 Bg7 30. Rh3 (30. Qe2 $17 Qb6 31. c3) 30... Qe5 $19 {[%csl Gg7][%cal Re5b2]} 31. Qc1 (31. c3 $142) 31... Bb5 32. f4 Qd5 33. Rg3 {Threatens to win with c4.} Bc6 34. Bxa6 Qe4 ({Much worse is} 34... bxa6 $6 35. Rd3 $11) 35. Bd3 Qa4 36. a3 Bd5 37. Qe3 {Qe5 is the strong threat.} Kh8 38. Nc1 Qc6 (38... Kh7 $17) 39. Qf2 Be4 40. Bxe4 fxe4 41. f5 (41. Qe2 $15) 41... exf5 $1 $17 42. Qxf5 Qf6 {[%csl Gg7][%cal Rf6b2]} 43. Qb5 Qf4 (43... Qe5 $1 $17 {[%cal Re5b5]} 44. Rb3 Rd1 45. Qxb7 Kh7) 44. Ne2 $1 $15 {[%cal Re2f4]} Qe5 $40 {[%mdl 128] Black attacks.} 45. Qb6 $2 {[%mdl 8192]} (45. Qxe5 $11 Bxe5 46. Re3) 45... Rd1+ $19 46. Ka2 Qd5+ $2 ({Not} 46... Rd2 47. Re3 $19) (46... Re1 $19 47. Qd8+ Kh7 48. Rxg7+ Kxg7) 47. Rb3 $17 Qd2 (47... Qc4 $17 48. Qb5 Qxb5 49. Rxb5 Rd2) 48. Qb5 Qxc2 {[%csl Gd1][%cal Rc2b1]} 49. Nc3 Rd8 50. Nd5 (50. Qxb7 $11 {remains equal.} f5 51. Qf7) 50... Qc6 51. Qxc6 bxc6 {[%mdl 4096] Endgame KRB-KRN} 52. Ne3 Rd2 ({Black should play} 52... Kh7 $17 {Hoping for ...Kg6.} 53. a4 Bd4) 53. g4 Bd4 54. a4 Rd3 (54... Kh7 $17 55. a5 Kg6) 55. Nf5 $11 e3 56. Rxd3 (56. Rb8+ $1 $11 {was the only way to keep the balance.} Kh7 57. Re8) 56... e2 $17 {White must now prevent ...c5.} 57. Rxd4 {White wants to mate with Re4.} e1=Q {aiming for ...h5! KQ-KRN} 58. Ka3 $2 {[%mdl 8192] [#]} (58. Rd8+ $17 {is tougher.} Kh7 59. Rd6) 58... Kh7 $2 (58... h5 $1 $19 {[%mdl 512]} 59. gxh5 Qe5) 59. Rd6 {[#]} c5 (59... h5 $1 $17 {[%cal Rh5g4][%mdl 512]} 60. Rh6+ (60. gxh5 Qe5) 60... Kg8 61. Rxh5 c5) 60. Rxh6+ $11 Kg8 61. Rb6 {The position is equal.} Qa1+ 62. Kb3 Qe1 63. Kc4 Qc1+ 64. Kd5 Kh7 65. Rh6+ Kg8 66. b3 Qd1+ 67. Kxc5 Qxb3 68. a5 f6 69. Rg6+ Kf7 70. Rg7+ Kf8 71. Rc7 Qc3+ 72. Kb6 Qb4+ 73. Ka6 Ke8 74. Ng7+ Kd8 75. Ne6+ Ke8 {Strongly threatening ...Qd6+.} 76. Ng7+ Kd8 77. Ne6+ {Precision: White = 51%, Black = 53%.} 1/2-1/2

[Event "MTS Logistics 2017"]
[Site "Urla"]
[Date "2017.07.07"]
[Round "1.6"]
[White "Koksal, Ege"]
[Black "Arat, Ufuk Sezen"]
[Result "0-1"]
[WhiteElo "2390"]
[BlackElo "2400"]
[Annotator "TA"]
[PlyCount "69"]
[EventDate "2017.??.??"]
[EventType "schev"]
[EventCountry "TUR"]
[SourceTitle "playchess.com"]
[Source "ChessBase"]
[SourceQuality "1"]

{[%evp 11,69,11,24,0,0,-4,-8,-43,-21,-31,-33,-43,-32,-67,-20,-37,-29,-50,-59,-67,54,43,55,33,16,10,70,33,55,0,48,53,45,69,50,0,0,0,0,0,0,0,0,0,0,0,0,-391,-402,-387,-367,-1691,-1637,-2218,-2118,-29987,-29988,-29987,-29988,-29997]} 1. d4 e6 2. c4 Bb4+ 3. Bd2 a5 4. e4 d6 5. Nf3 Nf6 6. Bd3 {A40: Unusual replies to 1 d4} e5 {LiveBook: 8 Games} 7. d5 Na6 8. O-O {The position is equal.} Nc5 9. Qc2 $146 ({Predecessor:} 9. Bc2 Ncxe4 10. Be3 Bc5 11. Nbd2 Nxd2 12. Qxd2 b6 {0-1 (52) Volkov,S (2642)-Roiz,M (2512) Panormo 2002}) 9... Bxd2 (9... O-O {feels hotter.} 10. Bg5 a4 11. a3 Ba5 12. Nbd2 Bd7) 10. Nbxd2 O-O 11. b3 {[%cal Bb2b3,Bb3b4][%mdl 32]} Nh5 12. Rfe1 g6 (12... f5 $5) 13. a3 f5 14. b4 Nxd3 15. Qxd3 f4 (15... g5 $15 16. Kh1 g4) 16. c5 $14 g5 {White should prevent ...g4.} 17. Nc4 g4 18. Nfd2 a4 (18... b6 $11) 19. Rac1 b5 20. Na5 ({White should play} 20. cxb6 $14 cxb6 21. b5) 20... g3 21. fxg3 fxg3 22. hxg3 Qg5 23. Rf1 (23. Qe3 $5 {[%cal Re3g5]} Qxg3 24. Qxg3+ Nxg3 25. cxd6 cxd6 26. Re3 $14) 23... Rxf1+ 24. Rxf1 Nxg3 25. Rf3 Nh5 {[%cal Bg3h5,Bh5f4,Bf4e2][%mdl 32]} 26. cxd6 $1 cxd6 27. Qxb5 Bg4 28. Qb7 Rc8 $40 {[%mdl 128] ...Rc1+ is the strong threat. Black mounts an attack.} 29. Nf1 $2 {[%mdl 8192] [#]} (29. Ndc4 $11) 29... Nf4 $1 $19 30. Nc6 Re8 31. Re3 $2 (31. Rf2 Ne2+ 32. Rxe2 Bxe2 33. Qd7) 31... Bc8 {[%csl Gf4][%cal Rg5g2]} 32. Ne7+ Kh8 {[%csl Gf4][%cal Rg5g2]} 33. Rg3 Ne2+ 34. Kf2 Nxg3 35. Ke1 {Precision: White = 25%, Black = 56%.} 0-1

[Event "MTS Logistics 2017"]
[Site "Urla"]
[Date "2017.07.07"]
[Round "1.7"]
[White "Ozen, Deniz"]
[Black "Guseynov, Alihan"]
[Result "1/2-1/2"]
[WhiteElo "2351"]
[BlackElo "2352"]
[Annotator "TA"]
[PlyCount "36"]
[EventDate "2017.??.??"]
[EventType "schev"]
[EventCountry "TUR"]
[SourceTitle "playchess.com"]
[Source "ChessBase"]
[SourceQuality "1"]

{[%evp 18,36,31,18,10,0,0,0,1,0,-1,0,2,-17,-17,-23,-17,-20,-19,-24,-16]} 1. e4 c6 2. d4 d5 3. Nc3 g6 4. h3 Bg7 5. Nf3 Nh6 6. Bd3 f6 7. O-O O-O 8. e5 {B15: Caro-Kann: 3 Nc3: 3...g6 and 3...dxe4 4 Nxe4 Nf6 5 Nxf6+ exf6} (8. Qe2 Nf7 9. Rd1 Re8 10. Be3 a6 11. Na4 Nd7 12. exd5 cxd5 13. c4 b5 14. cxb5 Qa5 15. Nc3 e6 {1-0 (46) Muzychuk,A (2545)-Khotenashvili,B (2504) Beijing 2014}) 8... Nf7 9. exf6 exf6 10. Bf4 {LiveBook: 4 Games. White is slightly better.} Nd7 11. Ne2 Nde5 $146 ({Predecessor:} 11... f5 12. c3 Nf6 13. Ne5 {0-1 (34) Schuh,T-Branding,V Germany 1997}) 12. dxe5 fxe5 13. Be3 e4 14. Bxe4 dxe4 15. Qxd8 Rxd8 16. Nfd4 Bd7 17. Nc3 c5 18. Nde2 b6 1/2-1/2

[Event "MTS Logistics 2017"]
[Site "Urla"]
[Date "2017.07.07"]
[Round "1.8"]
[White "Dedebas, Emre Emin"]
[Black "Agdelen, Huseyin Can"]
[Result "1/2-1/2"]
[WhiteElo "2322"]
[BlackElo "2309"]
[Annotator "TA"]
[PlyCount "44"]
[EventDate "2017.??.??"]
[EventType "schev"]
[EventCountry "TUR"]
[SourceTitle "playchess.com"]
[Source "ChessBase"]
[SourceQuality "1"]

{[%evp 18,44,12,9,16,13,48,46,49,43,51,47,51,48,66,41,50,32,42,8,8,8,8,5,17,-31,-4,-9,-1]} 1. Nf3 d5 2. d4 e6 3. c4 Nf6 4. Nc3 Be7 5. e3 O-O 6. Bd3 b6 7. O-O Bb7 8. Qe2 a6 {E14: Queen's Indian: Classical Variation (4 e3)} 9. b3 Nbd7 10. Bb2 {LiveBook: 14 Games} dxc4 $146 ({Predecessor:} 10... c5 11. cxd5 exd5 12. Rad1 b5 {½-½ (12) Bogosavljevic,B (2523)-Pikula,D (2507) Jahorina 2012}) 11. bxc4 Bd6 12. Rad1 c5 13. Ne5 cxd4 14. exd4 Qc7 {[%cal Rd7e5]} 15. f4 Rad8 16. Bb1 Nb8 17. Qd3 g6 18. d5 exd5 19. Nxd5 Nxd5 20. cxd5 {[#] Threatens to win with Ng4.} Qc5+ (20... Bxe5 $5 21. Bxe5 Qc5+ 22. Bd4 Qxd5 $11) 21. Qd4 Bxe5 22. Qxc5 bxc5 1/2-1/2

[Event "MTS Logistics 2017"]
[Site "Urla"]
[Date "2017.07.07"]
[Round "1.9"]
[White "Gokerkan, Cem Kaan"]
[Black "Tuncer, Tuna"]
[Result "1-0"]
[WhiteElo "2321"]
[BlackElo "2274"]
[Annotator "TA"]
[PlyCount "151"]
[EventDate "2017.??.??"]
[EventType "schev"]
[EventCountry "TUR"]
[SourceTitle "playchess.com"]
[Source "ChessBase"]
[SourceQuality "1"]

{[%evp 31,151,28,22,0,54,0,101,-75,0,0,0,-23,35,37,63,64,113,62,134,0,118,110,274,206,179,148,152,143,278,262,377,372,385,379,352,282,286,271,286,284,279,93,104,78,104,116,1306,594,579,550,543,0,450,0,381,365,447,400,321,206,206,206,206,206,203,55,55,55,62,73,88,54,54,0,0,0,0,0,0,0,0,0,0,0,0,0,338,338,338,338,338,338,338,338,345,345,338,317,29965,29970,29966,29971,29967,29968,29979,29980,29983,29984,29984,29985,29984,29986,29987,29988,29988,29987,29988,29989,29988,29989,29994,29995]} 1. e4 c5 2. Nf3 d6 3. d4 cxd4 4. Nxd4 Nf6 5. Nc3 g6 6. Be3 Bg7 7. f3 Nc6 8. Qd2 O-O 9. g4 Be6 10. Nxe6 fxe6 11. O-O-O Ne5 12. Be2 Qc8 {B76: Sicilian Dragon: Yugoslav Attack, 9 g4 and 9 0-0-0} 13. h4 Nfd7 14. h5 Nc4 15. Bxc4 Qxc4 16. hxg6 hxg6 {LiveBook: 14 Games} 17. Rh3 ({Much weaker is} 17. Qh2 Rxf3 18. Qh7+ Kf7 $15) 17... Ne5 {[#]} (17... Rac8 $11) 18. Qg2 $146 (18. f4 $14 Nxg4 19. Qg2 Nxe3 20. Rxe3) ({Predecessor:} 18. f4 Nxg4 19. Qg2 Nxe3 20. Qxg6 Nxd1 {½-½ (20) Kulaots,K (2577)-Cvitan,O (2523) Zadar 2011}) 18... b5 (18... Nc6 $11 {keeps the balance.}) 19. Bh6 $2 (19. Kb1 $1 $16 {and life is bright.}) 19... b4 (19... Bxh6+ $17 20. Rxh6 b4) 20. Bxg7 $11 Kxg7 21. Rdh1 {Threatens to win with Rh7+.} (21. f4 $5) 21... Kf7 (21... bxc3 $2 22. Rh7+ Kg8 23. Rh8+ Kf7 24. R1h7+ Ke8 25. b3 $19) (21... Rh8 $11 22. Rxh8 Rxh8 23. Rxh8 Kxh8) 22. f4 $1 $14 {[%cal Rf4e5]} Nd7 23. b3 $1 Qd4 {[#]} 24. Rd1 (24. e5 $1 $16 {[%mdl 512] Rh7+ would kill now.} Qxf4+ (24... dxe5 25. Rh7+) 25. Kb1 Qxe5 26. Rh7+ Kg8 27. Rxe7) 24... Qf6 {[#]} ({Better is} 24... Qg7 $14) 25. Nb5 (25. e5 $1 $16 {[%cal Re5f6][%mdl 512]} Qxf4+ (25... dxe5 26. Ne4) 26. Kb1 Qxe5 27. Rh7+ Kg8 28. Rxe7) 25... Rh8 (25... Qa1+ $1 $11 26. Kd2 Qg7) 26. Kb1 $36 {[%mdl 2048] White is really pushing.} Nc5 $2 (26... Rxh3 $16 27. Qxh3 a6 28. Qh7+ Qg7 29. Qxg7+ Kxg7) 27. g5 Qg7 28. Re3 a6 29. Nd4 Rh4 (29... Rac8 $16 {was called for.}) 30. f5 $18 exf5 (30... Rf8 $142) 31. exf5 Rxd4 {[%cal Rd4d1] [#]} 32. Rxe7+ $1 {[%mdl 512]} Kxe7 {[%cal Rd4d1]} 33. Re1+ Kf7 34. Qxa8 {[%csl Ge1][%cal Ra8e8]} Re4 35. Rxe4 Nxe4 36. Qb7+ $2 (36. Qd5+ $18 {has better winning chances.} Kf8 37. Qa8+ (37. Qxe4 gxf5 38. Qxf5+ Qf7 $18) 37... Kf7 38. Qxe4 gxf5 39. Qxf5+ Ke7 40. Qe4+ Qe5 41. Qxb4) 36... Kg8 $16 37. Qxe4 gxf5 38. Qxf5 {[%mdl 4096] Endgame KQ-KQ} Qc7 $2 {[%mdl 8192]} (38... Qd4 $16) 39. Qg6+ $18 Kh8 40. Qf6+ Kg8 41. Qg6+ Kh8 $1 42. Qf6+ Kg8 $1 43. g6 a5 44. Kc1 d5 45. Qd4 Qc6 {[#]} 46. Kb1 $1 Qxg6 47. Qxd5+ Kf8 48. a3 (48. Qc5+ $18 Ke8 49. a3) 48... Qg1+ $14 49. Ka2 $1 Qc1 $1 50. Qc5+ Ke8 51. axb4 (51. Qe5+ {keeps more tension.} Kd7 52. Qf5+ Kc6 53. Qf3+ Kc5 54. Qf8+) 51... axb4 52. Qxb4 (52. Qc8+ $14 Kf7 53. Qf5+ Ke7 54. Qg6) 52... Qxc2+ $11 53. Ka3 Qc7 54. Ka4 Qa7+ 55. Qa5 Qd4+ 56. b4 {Strongly threatening Qc7.} Kd7 57. Kb5 Qd5+ 58. Kb6 Qc6+ $2 {[%mdl 8192]} (58... Qe6+ $11 59. Ka7 Qe7) 59. Ka7 $18 Qc4 {intending ...Qd4+.} 60. b5 Qd5 61. Qb6 {Hoping for Qb7+.} Qa2+ 62. Kb7 Ke7 63. Qc6 Kf8 64. b6 Kg7 $2 (64... Ke7 $18 65. Kb8 Qa5) 65. Kb8 {White mates.} Qg8+ 66. Qc8 Qb3 67. b7 Kh6 68. Qc6+ Kh5 69. Kc7 Qf7+ 70. Kb6 Qf4 71. Qe8+ Kh6 72. b8=Q Qd4+ 73. Ka5 Qc5+ 74. Qeb5 Qa3+ 75. Qa4 Qc5+ 76. Ka6 {Precision: White = 53%, Black = 29%.} 1-0